• 首页
  • 本馆介绍
  • 公告通知
  • 最新文献
  • 馆藏检索
  • 电子资源
  • 读者导购
  • 参考咨询
  • 我的图书馆
  • 登录
  • 详细信息显示
  • 放入我的书架
  • 预约/预借图书
  • 作者相关作品
  • 分类相关作品
  • 丛书相关作品
  • 出版社相关作品

书目信息

  • 表格格式
  • 工作单格式
  • 卡片格式
题名:
养殖
    
 
作者: 李玉梅 编著
分册:  
出版信息: 汕头   汕头大学出版社  2015.02
页数: 106页
开本: 23cm
丛书名:
单 册:
中图分类: F326.39
科图分类:
主题词: 畜牧业经济--经济史--中国--古代--青少年读物 , 渔业经济--经济史--中国--古代--青少年读物
电子资源:
ISBN: 978-7-5658-1587-4
000 00849nam0 2200229 450
001 2340039335
005 20231109140029.16
010    @a978-7-5658-1587-4@dCNY29.80
100    @a20150712d2015 demy0chiy50 ea
101 0  @achi
102    @aCN@b440000
105    @aa z 000yy
200 1  @a养殖@Ayang zhi@e畜牧渔业并举@f李玉梅编著
210    @a汕头@c汕头大学出版社@d2015.02
215    @a106页@c彩图@d23cm
330    @a本书分为古代畜牧、古代兽医、古代渔业等三部分,介绍了远古时期畜牧业的产生、先秦畜牧业发展新阶段、秦汉畜牧业的迅速发展、隋唐至明清期间的畜牧业、先秦时期的兽医活动、明清时期兽医学成就等内容。
606 0  @a畜牧业经济@x经济史@y中国@z古代@j青少年读物
606 0  @a渔业经济@x经济史@y中国@z古代@j青少年读物
690    @aF326.39@v5
701  0 @a李玉梅@Ali yu mei@4编著
801  0 @aCN@b山东中教@c20230926
905    @aBZT@dF326.39@e3
    
    养殖:畜牧渔业并举/李玉梅编著.-汕头:汕头大学出版社,2015.02
    106页:彩图;23cm
    
    
    ISBN 978-7-5658-1587-4:CNY29.80
    本书分为古代畜牧、古代兽医、古代渔业等三部分,介绍了远古时期畜牧业的产生、先秦畜牧业发展新阶段、秦汉畜牧业的迅速发展、隋唐至明清期间的畜牧业、先秦时期的兽医活动、明清时期兽医学成就等内容。
●
相关链接 在五车中查询图书 在当当中查询图书 在豆瓣中查询图书


正题名:养殖     索取号:F326.39/3         预约/预借

序号 登录号 条形码 馆藏地/架位号 状态 备注
1 2000962727   2000962727   第四书库/四6架A面5层2列/ [索取号:F326.39/3] 在馆    
2 2000962728   2000962728   第四书库/四6架A面5层2列/ [索取号:F326.39/3] 在馆    
3 2000962729   2000962729   第四书库/四6架A面5层2列/ [索取号:F326.39/3] 在馆    
4 2000962730   2000962730   第四书库/四6架A面5层2列/ [索取号:F326.39/3] 在馆    
5 2000962731   2000962731   第四书库/四6架A面5层2列/ [索取号:F326.39/3] 在馆    
6 2000962732   2000962732   第四书库/四6架A面5层2列/ [索取号:F326.39/3] 在馆    
山东省滨州职业学院图书馆 欢迎您!
大连网信软件有限公司© 版权所有